01442nam a22003617a 4500003000500000005001700005008004100022010001000063011001000073035001000083040000900093090001000102100003500112245006100147260004000208300001000248502011700258590003700375590004100412590004100453590004100494590004200535650003000577650004200607700003900649901000700688942000900695949004300704949005500747999001700802952013300819952012800952CHAP20220817042958.0971013s1996 r 00010 d a61731 a62703 a66878 cCHAP aTesis00aAlfonso Cruz, Ana Elvia.93933 aDiagnóstico del mercado de durazno (Prunus persica L.) aChapingo, Méx. :bEl autor,c1996 a86 h. aTesis (Lic. en Comercio Internacional de Productos Agropecuarios) -- UACH. Departamento de Economía Agrícola aALEPHb10c20130110lUCH01h1344 aBATCH-UPDb10c20130110lUCH01h0411 aBATCH-UPDb10c20130410lUCH01h0045 aBATCH-UPDb10c20130914lUCH01h0038 aCONVERSIONb10c20130109lUCH01h133314aDuraznoxMercadeo.93461414aTratado Trilateral de Libre Comercio.0 aLópez Herrera, Ana Luisa.967982 aBK cFOLL bBCcTESd-152120eTS1h30703i66878si bBCcTESd33724000625588eTS2fc.2h30704i66878si c61731d61731 00102local4053708TESISaBCbBCcPA_TESISd2019-12-31fTESISl0p33724000625588r2019-12-31 00:00:00tc.2w2019-12-31yTESIS 00102local4051708TESISaBCbBCcPA_TESISd2019-12-31fTESISl0oTesisp-152120r2019-12-31 00:00:00w2019-12-31yTESIS